| 000 | 00944cam a2200229 4500 | ||
|---|---|---|---|
| 001 | AB65994 | ||
| 008 | 021007n2002 000 0 eng u | ||
| 035 | _a(Sirsi) u120013 | ||
| 245 | _aPump-priming for prosperity | ||
| 260 | _c2002 | ||
| 490 |
_aEstates Gazette _v(0236) 7 September 2002, 140-141(2) |
||
| 520 | _a"Mainly for students" review of the key organisations involved in urban regeneration, providing a guide to their functions and remits. Focuses on regional development agencies (RDAs) detailing Advantage West Midlands and looks at the work of RICS Policy Unit and RICS Regeneration Forum. Concludes with information on funding regeneration. | ||
| 590 | _aABS | ||
| 650 | _aURBAN REGENERATION | ||
| 650 | _aREGIONAL DEVELOPMENT AGENCIES | ||
| 650 | _aRDAS | ||
| 650 | _aRICS REGENERATION FORUM | ||
| 650 | _aRICS POLICY UNIT | ||
| 650 | _aADVANTAGE WEST MIDLANDS CPD CENTRE | ||
| 690 | _aREGENERATION | ||
| 942 | _n0 | ||
| 999 |
_c71313 _d71313 |
||